000 00562nam a22001817a 4500
999 _c529178
_d529178
003 NUST
005 20190920153805.0
008 150409b xxu||||| |||| 00| 0 eng d
038 _aMSOHAIL
040 _cLIBRARY
082 _a0
100 _aGhazanvi, Khalid
_921031
245 _aامراضِ جِلدعلاجِ اور علاجِ نبوّیﷺ............... Amraz-e-Jild aur Elaj-e-Nabvi
_cDr. Khalid Ghazanvi
260 _aLahore:
_bAl Faisal Nashran,
_cc2011
300 _a346 p. :
_c22 cm.
650 _aTib e Nabvi
_xGeneral
_921032
942 _2ddc
_cBK